[Event "Utrecht OKU op 45th"]
[Site "Utrecht"]
[Date "2018.06.02"]
[Round "2"]
[White "Veenendaal, Loek"]
[Black "Winkels, Marcel"]
[Result "0-1"]
[WhiteElo "1897"]
[BlackElo "1968"]
[PlyCount "78"]
[EventDate "2018.06.01"]
[EventType "swiss"]
[EventRounds "6"]
[EventCountry "NED"]
[SourceTitle "EXT 2019"]
[Source "ChessBase"]
[SourceDate "2018.10.10"]
[SourceVersion "1"]
[SourceVersionDate "2018.10.10"]
[SourceQuality "1"]

1. e4 c5 2. Nf3 d6 3. d4 cxd4 4. Nxd4 Nf6 5. Nc3 a6 6. g3 e5 7. Nde2 Be6 8. Bg2 Be7 9. 0-0 0-0 10. h3 b5 11. a4 b4 12. Nd5 Bxd5 13. exd5 Nbd7 14. Be3 Qc7 15. c3 bxc3 16. Nxc3 Rab8 17. Qe2 Qb7 18. Rfb1 Rfc8 19. Ra3 a5 20. g4 Nc5 21. g5 Nfd7 22. f4 Qb4 23. Kh1 Bf8 24. f5 Nb6 25. g6 f6 26. Qh5 h6 27. Na2 Qc4 28. Bf1 Qe4+ 29. Kg1 Qxb1 30. Bxh6 gxh6 31. g7 Bxg7 32. Rg3 Rc7 33. Nc3 Qc1 34. Nb5 Ne4 35. Rg2 Qe3+ 36. Kh2 Qf4+ 37. Kg1 Rf7 38. b3 Rc8 39. Qe2 Ng3 0-1

[Event "Leiden LCT op-A 11th"]
[Site "Leiden"]
[Date "2017.07.15"]
[Round "2"]
[White "Sandipan, Chanda"]
[Black "Veenendaal, Loek"]
[Result "1-0"]
[WhiteElo "2575"]
[BlackElo "1949"]
[PlyCount "84"]
[EventDate "2017.07.14"]
[EventType "swiss"]
[EventRounds "9"]
[EventCountry "NED"]
[SourceTitle "EXT 2018"]
[Source "ChessBase"]
[SourceDate "2017.10.13"]
[SourceVersion "1"]
[SourceVersionDate "2017.10.13"]
[SourceQuality "1"]

1. e4 g6 2. d4 Bg7 3. Nf3 d6 4. Bd3 Nf6 5. 0-0 0-0 6. c3 Nc6 7. Nbd2 e5 8. Nc4 exd4 9. cxd4 d5 10. exd5 Nxd5 11. Bg5 f6 12. Bh4 g5 13. Bg3 g4 14. Nh4 f5 15. f3 Ndb4 16. Kh1 Qxd4 17. Be2 Qxd1 18. Raxd1 Nd4 19. Bd3 Be6 20. b3 b5 21. Na5 Nxa2 22. fxg4 fxg4 23. Bxc7 Rac8 24. Rxf8+ Bxf8 25. Be5 Nxb3 26. Nxb3 Bxb3 27. Bf5 Re8 28. Rd7 Re7 29. Kg1 Bf7 30. Rxe7 Bxe7 31. g3 h5 32. Ng6 Bc5+ 33. Kf1 b4 34. Nf4 a5 35. h3 gxh3 36. Bxh3 a4 37. Ke1 b3 38. Nd3 Bf8 39. Kd1 a3 40. Bf5 Bg7 41. Bd6 Nc3+ 42. Kd2 a2 1-0

[Event "Leiden op-A 9th"]
[Site "Leiden"]
[Date "2015.07.19"]
[Round "3"]
[White "Ratsma, Rosa"]
[Black "Veenendaal, Loek"]
[Result "1-0"]
[WhiteElo "2088"]
[BlackElo "1993"]
[PlyCount "67"]
[EventDate "2015.07.17"]
[EventType "swiss"]
[EventRounds "9"]
[EventCountry "NED"]
[SourceTitle "CBM 167 Extra"]
[Source "ChessBase"]
[SourceDate "2015.09.14"]
[SourceVersion "1"]
[SourceVersionDate "2015.09.14"]
[SourceQuality "1"]

1. e4 c6 2. Nc3 d5 3. Qe2 d4 4. Nd1 e5 5. d3 c5 6. f4 Bd6 7. g3 Nc6 8. Nf3 f6 9. Bg2 Be6 10. 0-0 Qc7 11. f5 Bf7 12. Kh1 Nb4 13. b3 b5 14. c3 Nc6 15. Bb2 Nge7 16. Nf2 0-0 17. g4 dxc3 18. Bxc3 Nd4 19. Bxd4 exd4 20. Rac1 Nc6 21. e5 fxe5 22. Ne4 c4 23. bxc4 bxc4 24. dxc4 Ba3 25. Rcd1 Rab8 26. Nfg5 Rb2 27. Qd3 Be7 28. Qh3 h6 29. Nxf7 Rxf7 30. f6 Bxf6 31. Nxf6+ Rxf6 32. Rxf6 gxf6 33. Qxh6 Rf2 34. Bd5+ 1-0